=LDR 00000nam 2200000 4500 =001 INLIS000000000024025 =005 20200210105407 =035 ##$$a 0010-061300000024025 =008 200210################g##########0#ind## =041 ##$$a Ind =082 ##$$a 005.269 076 =260 ##$$a Jakarta :$b Elex media koputindo,$c 1993 =300 ##$$a xi, 210 hlm : $b Ilus ; $c 14 x 21 cm =650 #4$$a Komputer - Program wordstar - Soal ujian =850 ##$$a Komputer - Program Wordstar soal ujian =020 ##$$a 979-537-021-9 =084 ##$$a 005.269 076 KUM =245 ##$$a Kumpulan soal ujian nasional komputer diklusemas : $b Wordstar /$c Nugraha, pudji...[Et. Al] =250 ##$$a Cet. 2 =990 ##$$a 59.326/pro-93 =990 ##$$a 00044104 =990 ##$$a 00044104 =990 ##$$a 59.326/pro-93